000 00848 a2200301 4500
001 200041826
999 _c200041826
_d7432
003 TR-AnTOB
005 20190322122951.0
008 160529d 9999tu qr0p 0 0
022 _a1305-5208
040 _aTR-AnTOB
041 _atur
_beng
050 4 _aK10.T9
099 _aJOURNAL - ULUS HU
222 0 _aUluslararası hukuk ve politika
245 0 0 _aUluslararası hukuk ve politika.
246 3 1 _aReview of International Law & Politics
260 _aAnkara :
_bUluslararası Stratejik Araştırmalar Kurumu,
_c2005-
300 _avolumes :
_billustrations ;
_c24 cm.
310 _aFour issues a year.
336 _atext
_2rdacontent
337 _aunmediated
_2rdamedia
338 _avolume
_2rdacarrier
650 0 _aInternational law
_vPeriodicals
_972274
856 1 0 _fwww.usak.org.uk
942 _cCR